000 04497nab a22009017 4500
003 AR-RoUNA
022 _a0327-9022
040 _aAR-RoUNA
_bspa
041 _aspa
044 _aag
245 _aSumma+ /
_bVIVIENDA COLECTIVA
260 _aBuenos Aires ,
_c1993
300 _a128 p. :
_bil. byn.
_bplanos
_c34 X25 cm.
505 0 _tINDICE
505 0 _tCONTENTS
505 0 _tVIVIENDA COLECTIVA - ESPAÑA
505 0 _tELEGANCIA, SOMBRAS Y REFLEJOS
505 0 _aIñaqui Ábalos + Renata Sentkiewicz / Vivienda en la calle Orfilia, Madrid, 2009. p. 6
505 0 _tVIVIENDA COLECTIVA - MEXICO
505 0 _tEXTRUSIÓN HORIZONTAL
505 0 _aJulio Gaeta y Luby Springall / 4 Casas LCC, México, 2007. p. 14
505 0 _tVIVIENDA COLECTIVA - PORTUGAL
505 0 _tOPACIDAD Y TRANSPARENCIA
505 0 _aJoäo Luis Carrilho de Graça / Edificio de viviendas en Das Amoreiras, Lisboa, 2009. p. 22
505 0 _tVIVIENDA COLECTIVA - BRASIL
505 0 _tVARIACION Y FLEXIBILIDAD
505 0 _aVinicius Andrade, Marcelo Morettin / Edificio de viviendas en la Calle Aimberé, San Pablo, 2009. p. 28
505 0 _tVIVIENDA COLECTIVA - ENSAYO
505 0 _aFernando Diez / Tácticas de infiltración: diez años de experimentación en Buenos Aires. p. 34
505 0 _tVIVIENDA COLECTIVA - BUENOS AIRES
505 0 _tESTO NO ES UNA CASA
505 0 _aMarcelo Del Toro / Edificio Zapiola 2951, Ciudad autonoma de Buenos Aires, 2006. p. 40
505 0 _tA DOS PUNTAS
505 0 _aFausto Amadeo, Leandro Adigó, María Obarrio, Gustavo Keller, Diego Collins, Tomás Portuges, Maria Pia Giraudo, Lucia Mazzini y Daniela Ossuna - 2H Architecture + ART + Business, Ciudad autonoma de Buenos Aires, 2009. p. 48
505 0 _tFACHADAS MUTANTES
505 0 _aEsteban Caram, Gustavo Robinsohn / Edificio Túnez 2563, Ciudad autonoma de Buenos Aires, 2009. p. 56
505 0 _aEsteban Caram, Gustavo Robinsohn, Néstor Hernáez / Edificio Moldes 1055, Ciudad autonoma de Buenos Aires, 2005. p. 60
505 0 _tESQUINA EN CURVAS
505 0 _aRTN / Javier Rivarola, Gustavo Trosman, Ricardo Norton / Edificio Arredondo 2688, ciudad autonoma de Buenos Aires, 2009. p. 64
505 0 _aEXPOSICIONES
505 0 _aCarlos Sambricio / La vivienda protegida: historia de una necesidad. p. 68
505 0 _tLOS CUATRO ESPACIOS
505 0 _aLa solucion de un problema. p. 70
505 0 _aLa solucion de un problema. p. 72
505 0 _aDiez ejemplos de excelencia. p. 74
505 0 _aRehabilitacion Urbana. p. 77
505 0 _tVIVIENDA COLECTIVA - CONJUNTOS SUBURBANOS
505 0 _aLuis O`Grady / Vivir en los suburbios. p. 78
505 0 _tVIVIENDA COLECTIVA - SAN ISIDRO
505 0 _tDEPARTAMENTOS SUBURBANOS
505 0 _aRodolfo Recondo / San Isidro LDFT, provincia de Buenos Aires, 2007. p. 80
505 0 _tFRENTE PROPIO, FONDO COMÚN
505 0 _aEstudio AFRA, Pablo Ferreiro, Saturnino Armendares, Joaquin Leunda / Edificio de vivienda agrupada Onelli y Diego Palma, San Isidro, 2008. p. 88
505 0 _tVIVIENDA COLECTIVO - OLIVOS
505 0 _tCARA AL RIO
505 0 _aGabriel Gambotto, Gastón Sánchez Guex, Roberto Lescano / Olivos Puerto, Olivos, 2007. p. 94
505 0 _tDOCUMENTOS - MAR DEL PLATA
505 0 _aPatricia Méndez / Mar del Plata para mirar y para mostrar: acerca del encanto de las tarjetas postales. p. 100
505 0 _tPROYECTOS
505 0 _tDSEFICACIÓN SOSTENIBLE
505 0 _aAdamo - Faiden / Casas Murere, Provincia de Buenos Aires, 2009. p. 108
505 0 _tVIVIENDA COLECTIVA - PUEBLO RANQUEL
505 0 _aFernando Diez / Una excursión al pasado perdido, RNP 27, km 260, 2009. p. 112
505 0 _tFRAGMENTOS - CUADERNOS DE VIAJES
505 0 _aIgnacio Ros de Olano / Bahía de Säo Salvador en Papel. p. 119
505 0 _tFRAGMENTOS - DISQUISIONES
505 0 _aSegunda Parte: La desventurada historia de un signo. p. 120
505 0 _tFRAGMENTOS - TEXTURAS
505 0 _aRoberto Fernandez / Laboratorio de paisaje: el sitio Roberto Burle Marx en Rio. p. 123
505 0 _aMario Sabugo / Washington, la cuarta Roma. p. 126
505 0 _aMarcelo Corti / Confusión y Oportunidad. p. 128
650 _aArquitectura contemporánea
773 0 _aSumma+
_dBuenos Aires, Argentina
_gNº107 (abr-2010), p. 128
_x0327-9022
908 _aImp
942 _2udc
_cART
945 _aMBP
_d2022-07-08
980 _8138
_gCarolina Rainero
_6138
_aCarolina Rainero
999 _c12160
_d12160